000 00367nam a2200157Ia 4500
008 230312s9999||||xx |||||||||||||| ||und||
020 _a0-08-096699-1
082 _a728.5
_bPEN-H
100 _aPenner;Richard.H
245 0 _aHotel Design
260 _bRoutledge
_aUSA
_c2013
300 _a444
546 _aEng.
650 _aArchitecture
_vHotel Design
942 _cBK
999 _c8267
_d8267